Ingeniería económica : toma de decisiones económicas

Bibliographic Details
Main Author: Taylor, George A.
Format: Section = Libro
Language:Undetermined
Spanish
Published: México Limusa/Noriega 2000
Edition:2a.ed
Subjects:
LEADER 00549nam a2200205Ia 4500
008 240830s9999 xx 000 0 und d
020 |a 968-18-0096-6 
040 |a B-ESTELÍ- RUACS / 332 T238 
041 |a spa 
082 |a 332 T238 
100 1 |a Taylor, George A. 
245 1 0 |a Ingeniería económica : toma de decisiones económicas 
250 |a 2a.ed 
260 |a México  |b Limusa/Noriega  |c 2000 
300 |a 640 p. : il 
650 7 |a ECONOMIA FINANCIERA 
650 7 |b  INGENIERÍA ECONOMICA 
942 |c BK  |2 ddc 
991 |a TEXTO 
999 |c 10744